000 01376nam a22003977a 4500
001 BR7200329
003 BR-BrBNA
005 20230928083751.0
007 ta
008 230509b bl.||||| |||| 00| 0 por d
040 _aBR-BrBNA
_bpor
_cBiblioteca Nacional de Agricultura
041 _a(Por)
072 _aF00; K00
_b3000
_b1100
_b1215
_b2600
_b2700
_b/G514
090 _ 3000 BR7200329
100 1 _aNassar, N.L.
100 1 _aOliveira, M. da C.
100 1 _aAquino, L.T. de
110 1 _aInstituto de Pesquisas e Experimentacao Agropecuarias do Norte, Belem, PA (Brasil);
_96183
110 1 _aCentro de Pesquisas do Cacau, Ilheus, BA (Brasil)
_91631
111 1 _aSimposio sobre plantas de Interesse Economico da Flora Amazonica
_cBelem, PA (Brazil)
_d29 May 1972
245 1 _aBibliografia sobre algumas plantas de interesse economico da flora amazonica [Producao vegetal; Industria alimenticia; Produtividade; Brasil]
260 3 _aBelem, PA (Brasil):
_c1972.
300 _a72 p.
650 _aPRODUCAO VEGETAL
650 _aCIENCIA FLORESTAL
650 _aARVORE FLORESTAL
650 _aFRUTA TROPICAL
650 _aCASTANHA DO PARA
650 _aPLANTA CORANTE
650 _aPLANTA PARA CURTUME
650 _aPLANTA PRODUTORA DE DROGA
650 _aAMAZONIA
650 _aBIBLIOGRAFIA
909 _a202309
_bLucia
_c55
_dLucia Elande
942 _cBK
999 _c15140
_d15140